000 00455nam a22001217a 4500
082 _a200 THE
100 _aMUHAMMAD ALTAF HUSSAIN
_969675
245 _aTH-SOF-1601-Clinical Detection and Stage Classification System for Diabetic Retinopathy using Pattern Recognition on Digital Fundus Images
260 _aISLAMABAD
_bNUST COLLEGE OF EME
_c2018
650 _aMS-MTS-86 MSTHESIS
_969676
700 _aSupervisor Dr. Mohsin Islam Tiwana
_969677
942 _cCF
999 _c576858
_d576858